00492nam a2200181Ia 450000500170000000800410001702000230005804000190008104100120010008200130011210000200012524500610014526000300020630000130023650400360024965000140028585000110029920240115112852.0131103s9999 xx 000 0 und d a8172731272cRs 625 aLoreto College aEnglish a370bJAG aJagannath, V.K. aDimensions of Multicultural Education, cV.K. Jagannath aDelhibAuthorspressc2004 avi,244p  aIncludes bibliography and index aEducation aLCLIB